| 000 | 01040nam0a22002531 4500 | ||
|---|---|---|---|
| 001 | rc\749701 | ||
| 005 | 20040301142311.5 | ||
| 035 | _a(NLR Aleph) 006278329 | ||
| 090 |
_a7022815 _c7022815 |
||
| 100 | _a20040301d1985 u |0rusy50 ca | ||
| 101 | 0 | _arus | |
| 102 | _aRU | ||
| 105 | _ay ||||||||| | ||
| 200 | 1 |
_aВопросы контроля в сфере науки, образования, культуры, здравоохранения и социального обеспечения _eМетод. рекомендации _fКом. нар. контроля ЛатвССР _g[Сост. А.Я. Крастынь и др.] |
|
| 210 |
_aРига _cЗинатне _d1985 |
||
| 215 |
_a94 с. _d20 |
||
| 225 | 1 | _aВ помощь комитетам и группам народного контроля | |
| 702 | 1 |
_aКрастынь _bА. Я. _4220 |
|
| 712 | 0 | 1 |
_aЛатвССР _bКом. народного контроля |
| 801 | 0 |
_aRU _bNLR _gpsbo |
|
| 801 | 1 |
_aRU _bELAR _2rusmarc |
|
| 852 |
_aNLR _j85-4/38854 |
||
| 942 | _cBOOK | ||
| 980 | _aNB | ||